Statistiques concernant titre de film et série Québec lol

Cliquez ici pour prendre le quiz!

Statistiques générales

  • Ce quiz a été pris 81 fois
  • Le résultat moyen est 4 sur 11

Statistiques - réponses

HintRéponse% Correct
film de peurscary movie
79%
poulets en fuitechicken run
70%
détestable moimoi moche et méchant
69%
le commando des batardsinglorious bastards
42%
frissonsscream
36%
le chimistebreaking bad
34%
la légende du gros poissonBig fish
25%
Bételgeusebeetlejuice
21%
vie libre ou crevedie hard
16%
décadencesaw
13%
la patrouille du cosmosStar trek
13%

Distribution des résultats

Percentile par nombre de réponses

% des personnes avec chaque résultat

Votre développement - résultats

Vous n’avez pas pris ce quiz